Pitbull Discography - Statistics

General Stats
  • This quiz has been taken 22 times
  • The average score is 7 of 22
Answer Stats
Year Name Type % Correct
2012 Global Warming Album
74%
2011 Planet Pit Album
58%
2014 Globalization Album
53%
2004 M.I.A.M.I. Album
53%
2017 Climate Change Album
47%
2015 Dale Album
42%
2009 Pitbull Starring in Rebelution Album
42%
2010 Armando Album
37%
2006 El Mariel Album
37%
2005 Money Is Still a Major Issue Remix Album
37%
2010 Mr. Worldwide Mixtape
37%
2007 The Boatlift Album
32%
2013 Meltdown EP
26%
2006 Bojangles EP
21%
2012 I Am Armando Reissued Album
21%
2013 Global Warming: Meltdown Reissued Album
16%
2010 Unreleased EP
16%
2008 Free Agent Mixtape
11%
2013 International Takeover Compilation
11%
2009 International Takeover: The United Nations Mixtape
11%
2012 Original Hits Compilation
11%
2009 The Streets are Talking Mixtape
11%
No matching quizzes found
Score Distribution
Percent of People with Each Score
Percentile by Number Answered
Your Score History
You have not taken this quiz